| 000 | 00439nam a2200169 a 4500 | ||
|---|---|---|---|
| 001 | 5081 | ||
| 003 | CDMR | ||
| 005 | 20131028173328.0 | ||
| 008 | 130130s1951||||||||||||||||||||||||||||d | ||
| 040 |
_aCDMR _bcat _cCDMR |
||
| 245 | 0 | 3 | _aLa radio, cette inconnue |
| 260 |
_aParis _c1951 _bÉditions du Sagittaire |
||
| 300 | _a176 p. | ||
| 490 | _aLa Nef | ||
| 500 | _aNúmero especial de Le Nef, revista mensual, núm. 73/74 | ||
| 942 |
_cMON _2udc |
||
| 999 |
_c5081 _d5081 |
||